00799nam a2200217 a 450000100100000000500170001000800410002702000150006804000250008308200170010810000370012524501040016226000340026630000340030049000190033450000550035383000260040804900090043495201210044399900170056400002525720200930023650.0110211s1983 sp d r 000 0 spa d a842450366X aDO-SdBNPbspacBNPHU axxxxxbS129p1 aSagrera, Martín.d1935-92670513aEl problema poblacional :bdemasiados españoles /cMartín Sagrera ; prólogo Amando de Miguel. aMadrid :bFundamentos,c1983. a247 p. :bdiagrs. ;c19.5 cm.1 aCiencia ;v134 aIncluye referencias bibliográficas p. [235-247]. 0aCiencia ;n134951757 aBNGR 001054708MOaGRbGRcCTd2011-02-11iLF1l0oxxxxx S129pp25257-10r2020-06-25w2020-06-25y4ZPréstamo en sala c24750d24750